| 000 | 01007nam a22003014a 4500 | ||
|---|---|---|---|
| 001 | UTEA | ||
| 005 | 20250912105054.0 | ||
| 006 | g||||gr||||||01 nz | ||
| 007 | ta | ||
| 008 | 250912b es ||||| |||| 00| 0 spa d | ||
| 020 | _a9788467593600 | ||
| 040 | _aUTEA | ||
| 041 | _aspa | ||
| 082 |
_a370.15 _bO74 2021 |
||
| 100 |
_aOritz, Tomás _eAutor |
||
| 245 |
_aNeurociencia en la escuela : _bHERVAT: investigación neuroeducativa para la mejora del aprendizaje / _cTomás Ortíz _h[Texto impreso] |
||
| 250 | _aSegunda edición | ||
| 260 |
_aEspaña _bEditorial SM. _c2021 |
||
| 300 |
_a149 páginas _c17 x 24 cm. |
||
| 505 | _aNeurociencia y educación -- El programa neuroeducativo HERVAT | ||
| 650 |
_aNEUROCIENCIA _942960 |
||
| 650 |
_aNEUROPEDAGOGIA _959286 |
||
| 650 |
_aNEUROPLASTICIDAD _959287 |
||
| 650 |
_aNEUROEDUCCIÓN _959288 |
||
| 650 |
_aNEUROEDUCATIVO _959289 |
||
| 700 |
_aMarina, José Antonio _eprólogo _93722 |
||
| 942 |
_2ddc _cBK _e2025-09-12 _zMag. Cecilio Flores Noa |
||
| 999 |
_c17256 _d17256 |
||